000
00316nam a2200145Ia 4500
003
OSt
008
191201s2018 xx 000 0 und d
100
_a
CHOPRA, Rajiv
245
0
_a
Cloud Computing
250
_a
2nd Ed.
260
_b
New Age Publication
_c
2024
300
_a
170
650
_a
MCA
942
_2
ddc
_c
BK
999
_c
13024
_d
13024